000 00406nam a22001697a 4500
005 20160615150558.0
008 160615b xxu||||| |||| 00| 0 eng d
020 _a978-0-07-107270-0
041 _aeng
082 _b7800
100 _aVenugopal, K.R. & Shaila, K.
_92012
245 _aDigital Circuits and Systems
260 _bTMH
300 _a867
650 _aDIPLOMA ENGINEERING
_9817
942 _cBK
999 _c2809
_d2808